000 00923nam a22002297a 4500
999 _c81503
_d318780
003 OSt
005 20220816121125.0
008 220816b2013 su ||||g |||| 00| 0 ara d
040 _aMa-Un
_cMa-Un
082 _221
_a158.2
_bم إ ف
100 _aالموسى، إبراهيم.
_997428
245 _aفن العلاقات الإجتماعية /
_cإبراهيم الموسى.
250 _aط. 1.
260 _a{السعودية} :
_bدار الكتاب العربي،
_c2013
_m1434
300 _a156 ص. ؛
_c22 سم.
490 _aالسلسلة الثقافية للتنمية الفكرية و الاجتماعية.
_v(2).
504 _aيشتمل على قائمة ببليوجرافية.
650 _aالعلاقات الاجتماعية.
_997456
650 _aالتفاعل الاجتماعي.
_997457
650 _aالعلاقات الإنسانية.
_xجوانب نفسية.
_915002
942 _2ddc
_cBOOK